00585nam a2200193 a 450000100100000000500170001000800410002704000250006808200220009310000370011524500660015225000110021826000320022930000280026149000190028965000400030883000260034899900170037400002083720200930011156.0100818s1969 sp a r 000 0 spa d aDO-SdBNPbspacBPJMB a372.61bQ7L, 19691 aQuintanilla Sainz, Efren.94367110aLengua española :bprimer curso /cEfren Quintanilla Sainz. a8a ed. aEspaña :bEverest,c1969. a172 p. :bil. ;c21 cm.1 aTextos Everest 4aEspañolxEnseñanza media943672 0aTextos Everest943673 c20340d20340